Ч. 1; Основы теории медицинских технологических процессов

Podrobná bibliografie
Parent link:Основы теории медицинских технологических процессов: в 2 ч./ Г. И. Назаренко, Г. С. Осипов. Ч. 1.— , 2005-2006
Shrnutí:Книга посвящена теоретическому исследованию технологических процессов в клинической медицине. В первой части книги сформулированы основные принципы медицинской технологии, организационные уровни и структура медицинского технологического процесса (МТП). Сформулированы основные понятия МТП, понятия состояния и модели МТП. Рассмотрены способы графического представления МТП. Введены и исследованы понятия эффективного и монотонного МТП. Описаны программные реализации моделей МТП. Вторая часть книги посвящена исследованию сходства и релевантности медицинских технологических процессов, анализу клинических данных и построению общих описаний МТП по примерам, синтезу МТП с различной маршрутизацией — последовательной, параллельной и т.д., исследованию вопросов МТП. Для специалистов, занимающихся практической работой в области медицинской информатики.
Jazyk:ruština
Vydáno: 2005
Témata:
Médium: Kniha
KOHA link:https://koha.lib.tpu.ru/cgi-bin/koha/opac-detail.pl?biblionumber=123040

MARC

LEADER 00000nam2a2200000 4500
001 123040
005 20231031130342.0
010 |a 5922105566 
035 |a (RuTPU)RU\TPU\book\133208 
035 |a RU\TPU\book\133169 
090 |a 123040 
100 |a 20071011d2005 k y0rusy50 ca 
101 0 |a rus 
102 |a RU 
105 |a a z 001zy 
200 0 |a Ч. 1 
210 |d 2005 
215 |a 144 с.  |c ил. 
320 |a Библиогр.: с. 140-142. 
330 |a Книга посвящена теоретическому исследованию технологических процессов в клинической медицине. В первой части книги сформулированы основные принципы медицинской технологии, организационные уровни и структура медицинского технологического процесса (МТП). Сформулированы основные понятия МТП, понятия состояния и модели МТП. Рассмотрены способы графического представления МТП. Введены и исследованы понятия эффективного и монотонного МТП. Описаны программные реализации моделей МТП. Вторая часть книги посвящена исследованию сходства и релевантности медицинских технологических процессов, анализу клинических данных и построению общих описаний МТП по примерам, синтезу МТП с различной маршрутизацией — последовательной, параллельной и т.д., исследованию вопросов МТП. Для специалистов, занимающихся практической работой в области медицинской информатики. 
461 1 |0 (RuTPU)RU\TPU\book\133754  |t Основы теории медицинских технологических процессов  |o в 2 ч.  |f Г. И. Назаренко, Г. С. Осипов  |v Ч. 1  |d 2005-2006 
610 1 |a клиническая медицина 
610 1 |a медицинские технологические процессы 
610 1 |a технологии 
610 1 |a медицинская картина мира 
610 1 |a заболевания 
610 1 |a патологические процессы 
610 1 |a технологическая информация 
610 1 |a медицинская помощь 
675 |a 616  |v 3 
801 1 |a RU  |b 63413507  |c 20071010  |g PSBO 
801 2 |a RU  |b 63413507  |c 20150528  |g PSBO 
942 |c BK